00301nam a2200121Ia 4500008004100000020001500041041001200056100001600068245005000084260002800134300000900162650000800171221030s9999 xx 000 0 und d a8185749752 aEnglish aJ. B. Gupta 0aElectronic Devices & Circuitscby J. B. Gupta bKatsonaNew Delhic2015 a1025 aECE